LIBRARY & INFORMATION CENTRE, KCAET, TAVANUR

ONLINE PUBLIC ACCESS CATALOGUE (OPAC)

Design, fabrication and testing of a urea super granule applicator (Record no. 15276)

MARC details
000 -LEADER
fixed length control field 00692nam a22001937a 4500
003 - CONTROL NUMBER IDENTIFIER
control field OSt
088 ## - REPORT NUMBER
Report number P 26
100 ## - MAIN ENTRY--AUTHOR NAME
Personal name N. A. SAKKEENA DEEVI
245 ## - TITLE STATEMENT
Title Design, fabrication and testing of a urea super granule applicator
260 ## - PUBLICATION, DISTRIBUTION, ETC. (IMPRINT)
Place of publication Tavanur 1993
Name of publisher Department of Farm Power Mach!nery and Energy
300 ## - PHYSICAL DESCRIPTION
Number of Pages 81
500 ## - GENERAL NOTE
General note Design, fabrication and testing of a urea super granule applicator
520 ## - SUMMARY, ETC.
Summary, etc Design, fabrication and testing of a urea super granule applicator
700 ## - ADDED ENTRY--PERSONAL NAME
Personal name K. P. Sudheer
700 ## - ADDED ENTRY--PERSONAL NAME
Personal name Er. Jippu Jacob (Guide)
856 ## - ELECTRONIC LOCATION AND ACCESS
Uniform Resource Identifier https://drive.google.com/open?id=1LOHQ6oHJY3ka-lCiIpgPVSJI7qj9XlbC
942 ## - ADDED ENTRY ELEMENTS (KOHA)
Koha item type Project Report
Holdings
Collection code Home library Current library Shelving location Full call number Accession Number Koha item type
Reference KAUAET KAUAET Reference 631.3 SAK/DE P 26 Project Report
free website counter